| 000 | 01265nam a2200301 4500 | ||
|---|---|---|---|
| 001 | 0000017699 | ||
| 003 | CO-CtgCURN | ||
| 005 | 20250513164406.0 | ||
| 008 | 160627s1997 000 0 eng d | ||
| 020 | _a958690119X | ||
| 040 |
_aCO-CtgCURN _bspa _ccoctgcurn |
||
| 082 | 0 |
_a345.05 _bF43r |
|
| 100 | 1 | _aFierro Mendez, Heliodoro. | |
| 245 | 1 | 4 |
_aLos recursos en el derecho procesal penal : _brecursos ordinarios y extraordinarios, reposicion, apelacion, hecho, casacion y Acción de revision / _cHeliodoro Fierro Mendez. |
| 260 |
_aBogotá : _bGrupo Editorial Leyer, _c1997. |
||
| 300 | _a332 p. | ||
| 336 | _2rdacontent | ||
| 337 |
_2rdamedia _asin mediacion _bn |
||
| 338 |
_2rdacarrier _avolumen _bnc |
||
| 505 | 8 | _aFormas procesales en el derecho romano.--Conceptos operacionales.--Los recurso.--Terminos procesales.--Los recursos.--Recurso de apelacion.--Recurso de hecho.--La Acción de revision.--Recurso de casacion | |
| 650 | 0 | _aRecurso de casacion. | |
| 650 | 0 |
_aProcedimiento penal _zColombia. |
|
| 650 | 0 |
_aAcción civil _zColombia. |
|
| 908 | _a160627 | ||
| 942 |
_cBK _h345.05 _iF43r _2ddc _n0 |
||
| 999 |
_c19872 _d19872 |
||